000 01013nam a22002777a 4500
003 OSt
005 20241227025831.0
008 241121b |||||||| |||| 00| 0 eng d
020 _a978-971-0165-10-0
040 _cJMCFI - Learning Resource Center
082 _2DDC 21st edition
_aFil./B.Acctg. 657.04 B188 2013
_bB188
100 _aBallada, Win
_91928
245 _aBasic accounting /
_cWin Ballada.
250 _a2013 edition.
260 _as.l. :
_bDomDane Publishers & Made Easy Books,
_c2013.
300 _axxviii, 538 pages ;
_c25 cm
504 _aInclude biographical records.
650 _2Sears list of subject headings
_aAccounting.
_91481
650 _2Sears list of subject headings
_aBusiness model.
_91937
650 _2Sears list of subject headings
_aBookkeeping.
_91938
650 _2Sears list of subject headings
_aAccountants.
_91939
650 _aAccounting information system.
_91940
700 _aBallada, Susan
_eeditor
_91934
942 _kFil./G.Ed.
942 _2ddc
_cBK
_e2013 edition
_n0
999 _c1384
_d1384